[Event "Cappelle Online Rapid op"]
[Site "Europe Echecs INT"]
[Date "2021.03.06"]
[Round "5"]
[White "Hamon, Christian"]
[Black "Francois, Gwladys"]
[Result "1-0"]
[WhiteElo "2015"]
[BlackElo "1824"]
[PlyCount "83"]
[EventDate "2021.03.06"]
[EventType "swiss (rapid)"]
[EventRounds "9"]
[EventCountry "FRA"]
[SourceTitle "CBM 201 Extra"]
[Source "ChessBase"]
[SourceDate "2021.05.31"]
[SourceVersion "1"]
[SourceVersionDate "2021.05.31"]
[SourceQuality "1"]

1. Nf3 Nf6 2. g3 g6 3. Bg2 d6 4. 0-0 Bg7 5. c4 e5 6. Nc3 Nc6 7. d3 0-0 8. Rb1 Re8 9. b4 e4 10. Nxe4 Nxe4 11. dxe4 Rxe4 12. Nd2 Re8 13. e4 Be6 14. b5 Ne5 15. Qc2 f5 16. Bb2 a6 17. a4 axb5 18. cxb5 fxe4 19. Bxe4 d5 20. Bxe5 Bxe5 21. Bd3 Bh3 22. Rfe1 Qf6 23. Bf1 Bf5 24. Bd3 Bd7 25. Bf1 Rf8 26. f4 Bd4+ 27. Kh1 h5 28. Nf3 Bb6 29. Bd3 Kg7 30. Ne5 Be8 31. Rf1 g5 32. Rbe1 c6 33. fxg5 Qxg5 34. Rxf8 Kxf8 35. Rf1+ Kg7 36. Nf3 Qe3 37. Nh4 Bd7 38. Bh7 Bh3 39. Qg6+ Kh8 40. Qf6+ Kxh7 41. Qf7+ Kh8 42. Ng6# 1-0

[Event "FRA-ch U18/14 Online"]
[Site "Europe Echecs INT"]
[Date "2020.07.11"]
[Round "5"]
[White "Francois, Gwladys"]
[Black "Krzymanski, Leo"]
[Result "1-0"]
[WhiteElo "1816"]
[BlackElo "1506"]
[PlyCount "99"]
[EventDate "2020.07.11"]
[EventType "swiss (blitz)"]
[EventRounds "9"]
[EventCountry "FRA"]
[SourceTitle "EXT 2021"]
[Source "ChessBase"]
[SourceDate "2020.10.23"]
[SourceVersion "1"]
[SourceVersionDate "2020.10.23"]
[SourceQuality "1"]

1. e4 c5 2. Nf3 Nc6 3. Bb5 Qb6 4. Nc3 e6 5. a4 a6 6. Bxc6 Qxc6 7. 0-0 Nf6 8. d3 Be7 9. Bf4 d5 10. exd5 Nxd5 11. Nxd5 Qxd5 12. Re1 0-0 13. Ne5 b6 14. Qg4 Bb7 15. Nc4 f5 16. Qf3 Qd7 17. Qe2 Qc6 18. Qxe6+ Qxe6 19. Rxe6 Bd8 20. Nxb6 g5 21. Nxa8 gxf4 22. Nb6 Rf7 23. Re8+ Rf8 24. Rxf8+ Kxf8 25. Nd7+ Kf7 26. Nxc5 Bc8 27. Re1 Be7 28. Nb3 h5 29. Nd4 Kf6 30. Nc6 Bd6 31. f3 Bd7 32. Nd4 Be5 33. Ne2 Kg5 34. d4 Bd6 35. b3 Bb4 36. Rd1 Be6 37. d5 Bd7 38. c3 Bf8 39. Kf1 Bg7 40. Nd4 Kf6 41. Ke2 Ke5 42. Nc2 Kd6 43. Rd3 Bc8 44. b4 Bb7 45. c4 Kd7 46. c5 Be5 47. c6+ Bxc6 48. dxc6+ Kxc6 49. Na3 Bd6 50. Nc2 1-0

[Event "FRA-ch U16 "]
[Site "Agen"]
[Date "2018.04.21"]
[Round "8"]
[White "Francois, Gwladys"]
[Black "Bellahcene, Meriem"]
[Result "1/2-1/2"]
[WhiteElo "1765"]
[BlackElo "1862"]
[PlyCount "114"]
[EventDate "2018.04.15"]
[EventType "swiss"]
[EventRounds "9"]
[EventCountry "FRA"]
[SourceTitle "EXT 2019"]
[Source "ChessBase"]
[SourceDate "2018.10.10"]
[SourceVersion "1"]
[SourceVersionDate "2018.10.10"]
[SourceQuality "1"]

1. e4 c5 2. Nf3 Nc6 3. Bb5 g6 4. Bxc6 dxc6 5. d3 Bg7 6. h3 Nf6 7. Nc3 0-0 8. 0-0 Nd7 9. Be3 b6 10. Qd2 e5 11. Bh6 Re8 12. Bxg7 Kxg7 13. a4 a5 14. Ne2 Nf8 15. b3 Qd6 16. Nh2 Ne6 17. f4 exf4 18. Nxf4 Nxf4 19. Qxf4 Qxf4 20. Rxf4 Ra7 21. Nf1 Be6 22. Nd2 b5 23. Rff1 h6 24. Nb1 b4 25. Nd2 f5 26. Rae1 Rae7 27. exf5 Bxf5 28. Rxe7+ Rxe7 29. Nc4 Ra7 30. Re1 Kf6 31. Re5 Be6 32. Rxc5 Bxc4 33. Rxc4 Ra6 34. Rc5 Ke6 35. Kf2 Kd6 36. Rc4 c5 37. Rg4 Kd5 38. Re4 Rf6+ 39. Ke2 Rf5 40. Rg4 Re5+ 41. Kd2 g5 42. c3 bxc3+ 43. Kxc3 Re2 44. h4 Re5 45. hxg5 hxg5 46. Rg3 Rf5 47. Rh3 Rf2 48. Rg3 Rf5 49. Rg4 Re5 50. d4 Re3+ 51. Kd2 Rxb3 52. dxc5 Kxc5 53. Rxg5+ Kb4 54. Rg4+ Ka3 55. g3 Rf3 56. Kc2 Re3 57. Kd2 Rb3 1/2-1/2

[Event "Charleville Mezieres op 14th"]
[Site "Charleville Mezieres"]
[Date "2017.12.26"]
[Round "5"]
[White "Francois, Gwladys"]
[Black "Flamant, Jacky"]
[Result "1/2-1/2"]
[WhiteElo "1738"]
[BlackElo "1587"]
[PlyCount "118"]
[EventDate "2017.12.26"]
[EventType "swiss"]
[EventRounds "7"]
[EventCountry "FRA"]
[SourceTitle "CBM 182 Extra"]
[Source "ChessBase"]
[SourceDate "2018.02.23"]
[SourceVersion "1"]
[SourceVersionDate "2018.02.23"]
[SourceQuality "1"]

1. e4 e6 2. d4 d5 3. Nd2 dxe4 4. Nxe4 Nd7 5. Nf3 Ngf6 6. Nxf6+ Nxf6 7. g3 c5 8. Bg2 cxd4 9. Qxd4 Qxd4 10. Nxd4 Bc5 11. Nb5 0-0 12. 0-0 Bd7 13. Nc3 Bc6 14. Bg5 Bxg2 15. Kxg2 Bd4 16. Bd2 Rac8 17. Rfc1 Rfd8 18. Be1 a6 19. Rab1 b5 20. Ne2 Bb6 21. c3 Ne4 22. Rd1 Nc5 23. f3 Nd3 24. Kf1 Ne5 25. Rxd8+ Rxd8 26. Kg2 Rd3 27. f4 Nf3 28. h3 Nxe1+ 29. Rxe1 Rd2 30. Kf3 Rxb2 31. a4 Kf8 32. axb5 Rxb5 33. Ra1 a5 34. Rd1 Ke7 35. Rd2 Rb3 36. Ra2 Kd6 37. Rd2+ Kc7 38. Ra2 Kc6 39. Ke4 f5+ 40. Kd3 Kd5 41. Kc2 Rb5 42. Kd3 Kc6 43. Ra1 Rd5+ 44. Kc2 Be3 45. Nd4+ Bxd4 46. cxd4 Rb5 47. Kc3 Kd5 48. Re1 a4 49. Re5+ Kc6 50. Rxe6+ Kd7 51. Ra6 Rb3+ 52. Kc4 Rxg3 53. Rxa4 Rxh3 54. Ra7+ Kd6 55. Rxg7 Rh4 56. Rg5 Rxf4 57. Rh5 Re4 58. Rxh7 Re1 59. Rh6+ Re6 1/2-1/2

[Event "FRA-ch U14 Girls"]
[Site "Belfort"]
[Date "2017.04.22"]
[Round "8.1"]
[White "Rubsamen, Anais"]
[Black "Francois, Gwladys"]
[Result "1-0"]
[WhiteElo "1610"]
[BlackElo "1738"]
[PlyCount "145"]
[EventDate "2017.04.16"]
[EventType "swiss"]
[EventRounds "9"]
[EventCountry "FRA"]
[SourceTitle "EXT 2019"]
[Source "ChessBase"]
[SourceDate "2018.10.10"]
[SourceVersion "1"]
[SourceVersionDate "2018.10.10"]
[SourceQuality "1"]

1. Nf3 Nf6 2. c4 g6 3. g3 Bg7 4. Bg2 0-0 5. 0-0 d6 6. d4 Nbd7 7. Nc3 e5 8. e3 Re8 9. Re1 a5 10. a4 c6 11. b3 e4 12. Nd2 d5 13. Ba3 Nf8 14. cxd5 cxd5 15. Nb5 Re6 16. Rc1 Rc6 17. Rc2 Bg4 18. Qb1 Rac8 19. Rb2 Ra8 20. h3 Bf5 21. Rc1 h5 22. Rbc2 Qd7 23. Kh2 N8h7 24. Rxc6 bxc6 25. Nc3 Ng5 26. h4 Nf3+ 27. Bxf3 exf3 28. Qb2 Bg4 29. e4 dxe4 30. Ncxe4 Nxe4 31. Nxe4 Bh3 32. Ng5 Bg2 33. Qc3 f6 34. Qc4+ Kh8 35. Ne6 Re8 36. Nf4 g5 37. Nxg2 fxg2 38. Qxc6 Qd8 39. hxg5 fxg5 40. Kxg2 Kh7 41. d5 Re2 42. Rc2 Re4 43. Bb2 Bxb2 44. Rxb2 Rd4 45. Re2 Qxd5+ 46. Qxd5 Rxd5 47. Re6 Kg7 48. Rb6 Kf7 49. Rh6 g4 50. Kf1 Re5 51. Rc6 Ke7 52. Rc2 Kd6 53. Re2 Rf5 54. Re8 Kc5 55. Rb8 Kd4 56. Ke2 Ke4 57. b4 Kd4 58. Rb5 Rf7 59. Rxa5 Re7+ 60. Kf1 Kc4 61. b5 Kc5 62. Ra6 Rh7 63. b6 Kc6 64. a5 Rd7 65. Ra7 Rd1+ 66. Ke2 Rb1 67. Rh7 Rb5 68. b7 Rb2+ 69. Ke3 Rb3+ 70. Ke4 Kd6 71. a6 Rb4+ 72. Kf5 Rb5+ 73. Kg6 1-0